| 000 | 00730nam a2200181Ia 4500 | ||
|---|---|---|---|
| 008 | 090711s9999 xx 000 0 und d | ||
| 082 | _b1245 | ||
| 100 | _aजेम्स डब्ल्यू बेस्ट | ||
| 245 | _aटायगर डेज (शिकारीSो दिवस) | ||
| 260 |
_bदिलिप प्रकाशन _c1999 |
||
| 300 | _a163 | ||
| 600 | _aजेम्स डब्ल्यू बेस्ट | ||
| 630 | _aटायगर डेज (शिकारीSो दिवस) | ||
| 700 | _aदुर्वे लालू | ||
| 700 | _aजेम्स डब्ल्यू बेस्ट | ||
| 730 | _aटायगर डेज (शिकारीSो दिवस) | ||
| 942 | _cBOOK | ||
| 999 |
_c336226 _d336226 |
||